Network theory : a simplified approach (Record no. 198519)
[ view plain ]
| 000 -LEADER | |
|---|---|
| fixed length control field | 00393nam a2200145Ia 4500 |
| 005 - DATE AND TIME OF LATEST TRANSACTION | |
| control field | 20250410112604.0 |
| 008 - FIXED-LENGTH DATA ELEMENTS--GENERAL INFORMATION | |
| fixed length control field | 231217s9999 xx 000 0 und d |
| 020 ## - INTERNATIONAL STANDARD BOOK NUMBER | |
| International Standard Book Number | 9788131732311 |
| 082 ## - DEWEY DECIMAL CLASSIFICATION NUMBER | |
| Classification number | 621.3815324 CHA;17 |
| 100 ## - MAIN ENTRY--PERSONAL NAME | |
| Personal name | Channa Venkatesh, K. Ganesh Rao, D. |
| 245 #0 - TITLE STATEMENT | |
| Title | Network theory : a simplified approach |
| 260 ## - PUBLICATION, DISTRIBUTION, ETC. (IMPRINT) | |
| Date of publication, distribution, etc. | 2010 |
| Name of publisher, distributor, etc. | Pearson |
| Place of publication, distribution, etc. | South Asia |
| 300 ## - PHYSICAL DESCRIPTION | |
| Extent | 591 |
| 942 ## - ADDED ENTRY ELEMENTS (KOHA) | |
| Koha item type | Books |
| Date last seen | Total Checkouts | Full call number | Accession number | Price effective from | Category | Lost status | Damaged status | Department | Withdrawn status | Permanent Location | Current Location | Shelving location | Entry date | Grants | Currency symbol | Conversion rate | Discount | Discount type |
|---|---|---|---|---|---|---|---|---|---|---|---|---|---|---|---|---|---|---|
| 26/01/2024 | 621.3815324 CHA;17 | 92114 | 26/01/2024 | Books | Central Library | Central Library | Central Library | Central Library | 13/08/2018 | DONATED | RS | 1 | Rupees |
